00796 a2200193 4500999001500000010001400015020002200029035001300051037001500064082001100079100001900090245013200109260007100241270007400312300002900386500004700415942003000462952011000492 c7531d7531 aENG-88058 a8172084609c45.00 aEN-71591 bDBAD / PUB14a230.351 aRoof, Jonathan1 aPathways to God :ban advanced study guide to selected teachings of Sri Sathya Sai Baba on self-realisation /cby Jonathan Roof aPrasanthi NilayambSri Sathya Sai Books & Publications Trustc2006 aPrasanthi Nilayam, P.O. / Anantapur DistrictbAndhra Pradeshe515 134 axii, 345 p.c21 cm (Pbk) aIncludes bibliography, glossary and index adplcEN2ddch230.35mROO 001040718NFICaDBADbDBADeDBAD/PUBg45.00l0o230.35 ROOpEN-71591r2008-09-15 00:00:00t1v45.00yEN